Communication as mission : (Record no. 1741)
[ view plain ]
| 000 -LEADER | |
|---|---|
| fixed length control field | 00820cam a22002417a 4500 |
| 001 - CONTROL NUMBER | |
| control field | 8079226 |
| 003 - CONTROL NUMBER IDENTIFIER | |
| control field | GBCCL |
| 005 - DATE AND TIME OF LATEST TRANSACTION | |
| control field | 20241126110408.0 |
| 008 - FIXED-LENGTH DATA ELEMENTS--GENERAL INFORMATION | |
| fixed length control field | 080117s2007 ii a 101 0 eng d |
| 020 ## - INTERNATIONAL STANDARD BOOK NUMBER | |
| International Standard Book Number | 9788184580068 |
| 035 ## - SYSTEM CONTROL NUMBER | |
| System control number | (OCoLC)ocn689434054 |
| 035 ## - SYSTEM CONTROL NUMBER | |
| System control number | 8079226 |
| 040 ## - CATALOGING SOURCE | |
| Original cataloging agency | CtY-D |
| Transcribing agency | CtY-D |
| 082 ## - DEWEY DECIMAL CLASSIFICATION NUMBER | |
| Classification number | 266.0014 |
| Item number | COM |
| 245 10 - TITLE STATEMENT | |
| Title | Communication as mission : |
| Remainder of title | National consultation at Ishvani Kendra, Prune 12--16 December, 2006 / |
| Statement of responsibility, etc. | Edited by L. Stanislaus SVD, Jose Joseph SVD |
| 260 ## - PUBLICATION, DISTRIBUTION, ETC. | |
| Place of publication, distribution, etc. | Delhi : |
| Name of publisher, distributor, etc. | Indian Society for Promoting Christian Knowledge (ISPCK), |
| Date of publication, distribution, etc. | 2007 |
| 300 ## - PHYSICAL DESCRIPTION | |
| Extent | 335 p. : |
| Other physical details | ill. ; |
| Dimensions | 22 cm. |
| 650 #0 - SUBJECT ADDED ENTRY--TOPICAL TERM | |
| Topical term or geographic name entry element | Missions |
| Geographic subdivision | India. |
| 9 (RLIN) | 52 |
| 650 #0 - SUBJECT ADDED ENTRY--TOPICAL TERM | |
| Topical term or geographic name entry element | Communication |
| General subdivision | Religious aspects |
| -- | Christianity. |
| 9 (RLIN) | 1427 |
| 700 1# - ADDED ENTRY--PERSONAL NAME | |
| Personal name | Stanislaus, L. |
| 9 (RLIN) | 3131 |
| 700 1# - ADDED ENTRY--PERSONAL NAME | |
| Personal name | Joseph, Jose |
| 9 (RLIN) | 3585 |
| 942 ## - ADDED ENTRY ELEMENTS (KOHA) | |
| Source of classification or shelving scheme | Dewey Decimal Classification |
| Koha item type | Books |
| Koha issues (borrowed), all copies | 18 |
| Withdrawn status | Lost status | Source of classification or shelving scheme | Damaged status | Not for loan | Home library | Current Library | Shelving location | Date acquired | Total checkouts | Total renewals | Full call number | Barcode | Date last seen | Date last checked out | Copy number | Price effective from | Koha item type |
|---|---|---|---|---|---|---|---|---|---|---|---|---|---|---|---|---|---|
| Dewey Decimal Classification | GRACE BIBLE COLLEGE | GRACE BIBLE COLLEGE | Ministry & Mission | 2017-05-22 | 20 | 2 | 266.0014 COM | 010231 | 2025-08-04 | 2025-07-28 | c.1 | 2017-05-22 | Books |